An implantable multi-channel biomedical analog front end for neural sensor interface (Record no. 12255)
[ view plain ]
| 000 -LEADER | |
|---|---|
| fixed length control field | 00438nam a22001337a 4500 |
| 082 ## - DEWEY DECIMAL CLASSIFICATION NUMBER | |
| Classification number | MS-EE-3 SAM |
| 100 ## - MAIN ENTRY--PERSONAL NAME | |
| Personal name | Sami ur Rehman |
| 9 (RLIN) | 25944 |
| 245 ## - TITLE STATEMENT | |
| Title | An implantable multi-channel biomedical analog front end for neural sensor interface |
| 260 ## - PUBLICATION, DISTRIBUTION, ETC. | |
| Place of publication, distribution, etc. | Islamabad |
| Name of publisher, distributor, etc. | NUST university |
| Date of publication, distribution, etc. | 2013 |
| 300 ## - PHYSICAL DESCRIPTION | |
| Accompanying material | CD-Rom |
| 500 ## - GENERAL NOTE | |
| General note | Supervisor: Dr. Awais Ahmad Kamboh |
| 856 ## - ELECTRONIC LOCATION AND ACCESS | |
| Uniform Resource Identifier | <a href="http://10.250.8.41:8080/xmlui/handle/123456789/30561">http://10.250.8.41:8080/xmlui/handle/123456789/30561</a> |
| 942 ## - ADDED ENTRY ELEMENTS (KOHA) | |
| Koha item type | Project Report |
| Source of classification or shelving scheme | |
| Withdrawn status | Lost status | Damaged status | Not for loan | Collection code | Permanent Location | Current Location | Shelving location | Date acquired | Total Checkouts | Full call number | Barcode | Date last seen | Price effective from | Koha item type | Source of classification or shelving scheme |
|---|---|---|---|---|---|---|---|---|---|---|---|---|---|---|---|
| Central Library (CL) | Central Library (CL) | General Stacks | 12/17/2013 | MS-EE-3 SAM | SEECSP01319 | 12/17/2013 | 12/17/2013 | Project Report | |||||||
| Central Library (CL) | Central Library (CL) | Thesis | 11/08/2019 | 621.3MS-EE-3 SAM | CL-T-4014 | 11/08/2019 | 11/08/2019 | Thesis | |||||||
| Central Library (CL) | Central Library (CL) | Thesis | 12/13/2019 | 621.3MS-EE-3 SAM | CL-T-4152 | 12/13/2019 | 12/13/2019 | Thesis |
